000 00454nam a2200145Ia 4500
008 100204s9999 xx 000 0 und d
082 _b17414
100 _aभिडे माधुरी
245 _aकथा पौर्णिमा
260 _b"कैमकर प्रकासन, पुणे"
_c1989
300 _a76
630 _aकथा पौर्णिमा
730 _aकथा पौर्णिमा
942 _cBOOK
999 _c461837
_d461834